[Event "Avoine op 34th"]
[Site "Avoine"]
[Date "2019.07.20"]
[Round "7"]
[White "Briand, Amaury"]
[Black "Merenciano, Alexandre"]
[Result "0-1"]
[WhiteElo "1896"]
[BlackElo "2198"]
[PlyCount "116"]
[EventDate "2019.07.20"]
[EventType "swiss"]
[EventRounds "9"]
[EventCountry "FRA"]
[SourceTitle "EXT 2020"]
[Source "ChessBase"]
[SourceDate "2019.10.17"]
[SourceVersion "1"]
[SourceVersionDate "2019.10.17"]
[SourceQuality "1"]

1. e4 c6 2. c4 d5 3. exd5 cxd5 4. cxd5 Nf6 5. Qa4+ Nbd7 6. Nc3 g6 7. Nf3 Bg7 8. Bc4 0-0 9. d3 a6 10. Qa3 b6 11. 0-0 Bb7 12. Re1 b5 13. Bb3 Re8 14. d6 e6 15. Ne4 Nd5 16. Bg5 Qb6 17. Rac1 Rac8 18. Bd2 b4 19. Qa4 Bc6 20. Rxc6 Rxc6 21. Bxd5 exd5 22. Nf6+ Nxf6 23. Rxe8+ Nxe8 24. d7 Nf6 25. d8Q+ Qxd8 26. Qxc6 a5 27. h3 h6 28. Be3 Qe8 29. Qxe8+ Nxe8 30. b3 Nd6 31. Bb6 Nb7 32. Kf1 Kf8 33. Ke2 Ke7 34. Ke3 Kd6 35. Nd4 Bxd4+ 36. Kxd4 Kc6 37. Ba7 f6 38. Bb8 Nc5 39. f4 Ne6+ 40. Ke3 f5 41. g4 Kb5 42. gxf5 gxf5 43. Be5 Kc5 44. Bf6 d4+ 45. Kf3 Kb5 46. Be5 a4 47. Ke2 axb3 48. axb3 Nc5 49. Bxd4 Nxb3 50. Bg7 h5 51. Kd1 Nc5 52. Kc2 Kc6 53. d4 Ne6 54. Be5 Kd5 55. Kb3 Nxd4+ 56. Kxb4 Nc6+ 57. Kc3 Nxe5 58. fxe5 Kxe5 0-1

[Event "Avoine op 34th"]
[Site "Avoine"]
[Date "2019.07.20"]
[Round "1"]
[White "Lewis, John"]
[Black "Merenciano, Alexandre"]
[Result "1/2-1/2"]
[WhiteElo "2022"]
[BlackElo "2198"]
[PlyCount "85"]
[EventDate "2019.07.20"]
[EventType "swiss"]
[EventRounds "9"]
[EventCountry "FRA"]
[SourceTitle "EXT 2020"]
[Source "ChessBase"]
[SourceDate "2019.10.17"]
[SourceVersion "1"]
[SourceVersionDate "2019.10.17"]
[SourceQuality "1"]

1. d4 Nf6 2. Nf3 c5 3. d5 b5 4. Bg5 Qb6 5. Bxf6 exf6 6. e4 g6 7. Nbd2 Bg7 8. a4 Ba6 9. axb5 Bxb5 10. Bc4 0-0 11. Qe2 Bxc4 12. Nxc4 Qc7 13. 0-0 Re8 14. Rfe1 d6 15. Qd2 Nd7 16. Ra6 Nb6 17. Qa5 Qb8 18. Nfd2 f5 19. Ra1 fxe4 20. Rxa7 Rxa7 21. Qxa7 Nxd5 22. Qxb8 Rxb8 23. Nxe4 Nb4 24. Ne3 Bxb2 25. Rd1 Bd4 26. c3 Bxe3 27. fxe3 Nc2 28. Rxd6 Nxe3 29. Kf2 Nf5 30. Rd5 c4 31. g4 Rb2+ 32. Rd2 Rxd2+ 33. Nxd2 Nd6 34. Ke3 Nb5 35. Nb1 f5 36. gxf5 gxf5 37. Kf4 Kg7 38. Kxf5 Kh6 39. Ke5 Kh5 40. Kd5 Kh4 41. Kxc4 Nxc3 42. Nxc3 Kh3 43. Nd5 1/2-1/2

[Event "Avoine op 33rd"]
[Site "Avoine"]
[Date "2018.07.26"]
[Round "6"]
[White "Merenciano, Alexandre"]
[Black "Imperor, Lorene"]
[Result "0-1"]
[WhiteElo "2139"]
[BlackElo "1914"]
[PlyCount "82"]
[EventDate "2018.07.21"]
[EventType "swiss"]
[EventRounds "9"]
[EventCountry "FRA"]
[SourceTitle "CBM 185 Extra"]
[Source "ChessBase"]
[SourceDate "2018.07.29"]
[SourceVersion "1"]
[SourceVersionDate "2018.07.29"]
[SourceQuality "1"]

1. e4 c5 2. Nf3 e6 3. d4 cxd4 4. Nxd4 Nf6 5. Bd3 Be7 6. 0-0 d6 7. c4 Nc6 8. Nxc6 bxc6 9. Nd2 0-0 10. Qe2 e5 11. b3 Nd7 12. Bb2 Bf6 13. Rfd1 Nc5 14. Nf1 Qb6 15. Bc3 Rd8 16. Kh1 Ne6 17. Qb2 a5 18. Rab1 Bh4 19. g3 Be7 20. Ne3 Nc5 21. h4 f6 22. Qc2 Qa7 23. Bf1 Be6 24. Rd2 g6 25. Bg2 Bf8 26. Rbd1 Rab8 27. g4 Rd7 28. Bh3 Qc7 29. Kg2 Bh6 30. g5 Bxh3+ 31. Kxh3 fxg5 32. Ng4 Bg7 33. hxg5 Qd8 34. f4 Rbb7 35. fxe5 Qxg5 36. Rxd6 Rxd6 37. Rxd6 h5 38. Nf2 Rf7 39. Qe2 Rf4 40. Kh2 Rh4+ 41. Nh3 Bxe5+ 0-1

[Event "Avoine op 33rd"]
[Site "Avoine"]
[Date "2018.07.24"]
[Round "4"]
[White "Merenciano, Alexandre"]
[Black "Ollier, Pablo"]
[Result "0-1"]
[WhiteElo "2139"]
[BlackElo "2398"]
[PlyCount "84"]
[EventDate "2018.07.21"]
[EventType "swiss"]
[EventRounds "9"]
[EventCountry "FRA"]
[SourceTitle "CBM 185 Extra"]
[Source "ChessBase"]
[SourceDate "2018.07.29"]
[SourceVersion "1"]
[SourceVersionDate "2018.07.29"]
[SourceQuality "1"]

1. e4 e6 2. d4 d5 3. Nd2 Nf6 4. e5 Nfd7 5. c3 c5 6. f4 Nc6 7. Ndf3 Qb6 8. a3 Be7 9. b4 cxd4 10. cxd4 a6 11. h4 Qc7 12. Bd2 b5 13. Bd3 Nb6 14. Ne2 Nc4 15. Qb1 Bd7 16. f5 g6 17. fxe6 Bxe6 18. Nf4 0-0-0 19. Bxc4 dxc4 20. Qe4 Bf5 21. Qe3 Bg4 22. Bc3 Rhe8 23. 0-0 Bf8 24. Ng5 Qa7 25. Kh1 Ne7 26. Ne4 Nf5 27. Qf2 Be7 28. g3 Qb7 29. d5 h6 30. Rae1 g5 31. Ng2 Rxd5 32. Kh2 Rd3 33. Nf6 Bxf6 34. exf6 Red8 35. Be5 Qc6 36. Qa7 Nd6 37. Bxd6 R3xd6 38. Rf2 Be6 39. Re5 Rd5 40. Rxd5 Rxd5 41. Qe3 Rd3 42. Qc1 Qd6 0-1

[Event "Avoine op 32nd"]
[Site "Avoine"]
[Date "2017.07.29"]
[Round "8"]
[White "Merenciano, Alexandre"]
[Black "Genereau, Thierry"]
[Result "1-0"]
[WhiteElo "2165"]
[BlackElo "1868"]
[PlyCount "63"]
[EventDate "2017.07.22"]
[EventType "swiss"]
[EventRounds "9"]
[EventCountry "FRA"]
[SourceTitle "CBM 179 Extra"]
[Source "ChessBase"]
[SourceDate "2017.08.23"]
[SourceVersion "1"]
[SourceVersionDate "2017.08.23"]
[SourceQuality "1"]

1. e4 e6 2. d4 d5 3. Nd2 c5 4. Ngf3 cxd4 5. exd5 Qxd5 6. Bc4 Qd6 7. 0-0 Nf6 8. Nb3 Nc6 9. Qe2 Be7 10. Rd1 e5 11. h3 0-0 12. c3 Bf5 13. cxd4 e4 14. Nh4 Bg6 15. g3 Bh5 16. g4 Bg6 17. Nxg6 hxg6 18. g5 Nh7 19. h4 Rfe8 20. Be3 Bd8 21. Qg4 Bc7 22. Qg2 b6 23. Nd2 Rad8 24. Bb5 a6 25. Bxa6 f5 26. gxf6 Nxf6 27. Bc4+ Kh7 28. Bf7 Nh5 29. Bxe8 Rxe8 30. Nxe4 Rxe4 31. Qxe4 Qh2+ 32. Kf1 1-0

[Event "Avoine op 32nd"]
[Site "Avoine"]
[Date "2017.07.22"]
[Round "4"]
[White "Merenciano, Alexandre"]
[Black "Francois, Adrien"]
[Result "1/2-1/2"]
[WhiteElo "2165"]
[BlackElo "1935"]
[PlyCount "67"]
[EventDate "2017.07.22"]
[EventType "swiss"]
[EventRounds "9"]
[EventCountry "FRA"]
[SourceTitle "CBM 179 Extra"]
[Source "ChessBase"]
[SourceDate "2017.08.23"]
[SourceVersion "1"]
[SourceVersionDate "2017.08.23"]
[SourceQuality "1"]

1. e4 c5 2. Nf3 a6 3. g3 Nc6 4. Bg2 e5 5. 0-0 g6 6. a3 Bg7 7. b4 d6 8. Bb2 Nge7 9. c3 0-0 10. h3 cxb4 11. axb4 Be6 12. d4 exd4 13. Nxd4 Nxd4 14. cxd4 d5 15. e5 Qb6 16. Nc3 Rfc8 17. Na4 Qb5 18. Re1 b6 19. Bf1 Qc6 20. Qb3 Bd7 21. Nc3 b5 22. Rec1 Qb7 23. Bg2 Be6 24. Ne2 Qd7 25. Nf4 Rc4 26. Bf1 Bh6 27. Bxc4 dxc4 28. Qf3 Nd5 29. Kh2 Bxf4 30. gxf4 Bf5 31. Ra3 Ra7 32. Bc3 Qc6 33. Rca1 h5 34. Rg1 1/2-1/2

[Event "Avoine op 32nd"]
[Site "Avoine"]
[Date "2017.07.22"]
[Round "1"]
[White "Vekemans, Denis"]
[Black "Merenciano, Alexandre"]
[Result "0-1"]
[WhiteElo "1952"]
[BlackElo "2165"]
[PlyCount "70"]
[EventDate "2017.07.22"]
[EventType "swiss"]
[EventRounds "9"]
[EventCountry "FRA"]
[SourceTitle "CBM 179 Extra"]
[Source "ChessBase"]
[SourceDate "2017.08.23"]
[SourceVersion "1"]
[SourceVersionDate "2017.08.23"]
[SourceQuality "1"]

1. e4 c6 2. d4 d5 3. e5 c5 4. c3 Nc6 5. h3 Bf5 6. g4 Be4 7. f3 Bg6 8. h4 h5 9. Bd3 Bxd3 10. Qxd3 e6 11. g5 Nge7 12. Ne2 Nf5 13. g6 fxg6 14. Bg5 Qb6 15. Nf4 Qxb2 16. Nxg6 Rg8 17. 0-0 cxd4 18. Nd2 Qxc3 19. Qb5 Qb4 20. Qd3 b6 21. Rfc1 Bc5 22. Rab1 Qa4 23. Nb3 Ba3 24. Rxc6 Qxc6 25. Na5 Qa4 26. Qa6 Kf7 27. Nf4 Rgb8 28. Rb5 Bb4 29. Rxd5 Qd1+ 30. Kh2 exd5 31. Qb5 Rd8 32. Qxb4 Rac8 33. Nb7 Rc2+ 34. Ng2 Rdc8 35. Qb5 Rxg2+ 0-1

[Event "Vandoeuvre op 13th"]
[Site "Vandoeuvre"]
[Date "2016.12.17"]
[Round "1"]
[White "Wagner, Dennis"]
[Black "Merenciano, Alexandre"]
[Result "1-0"]
[WhiteElo "2548"]
[BlackElo "2156"]
[PlyCount "81"]
[EventDate "2016.12.17"]
[EventType "swiss"]
[EventRounds "9"]
[EventCountry "FRA"]
[SourceTitle "CBM 176 Extra"]
[Source "ChessBase"]
[SourceDate "2017.03.02"]
[SourceVersion "1"]
[SourceVersionDate "2017.03.02"]
[SourceQuality "1"]

1. e4 e6 2. d4 d5 3. Nc3 Bb4 4. e5 c5 5. a3 Bxc3+ 6. bxc3 Qc7 7. Qg4 f5 8. Qg3 Ne7 9. Be2 0-0 10. Nh3 cxd4 11. cxd4 Nbc6 12. c3 Na5 13. Bg5 f4 14. Bxf4 Nf5 15. Qd3 Bd7 16. 0-0 Rac8 17. g4 Ne7 18. Bg5 Ng6 19. Rac1 a6 20. Qd1 Nc4 21. Bd2 Ba4 22. Qe1 Nxa3 23. f4 Qb6 24. Bd3 Bb5 25. Bxg6 hxg6 26. Ng5 Bxf1 27. Qh4 Rfe8 28. Rxf1 Kf8 29. f5 exf5 30. gxf5 Ke7 31. f6+ gxf6 32. exf6+ Kd7 33. f7 Rh8 34. Qg4+ Kc7 35. Bf4+ Kc6 36. Qe6+ Kb5 37. Qxd5+ Ka4 38. Ne6 Rh5 39. Nc5+ Ka5 40. Nxb7+ Ka4 41. Qd7+ 1-0

[Event "Andorra op 34th"]
[Site "Escaldes"]
[Date "2016.08.09"]
[Round "7"]
[White "Merenciano, Alexandre"]
[Black "Anguera Maestro, Jaime"]
[Result "1-0"]
[WhiteElo "2197"]
[BlackElo "2092"]
[PlyCount "81"]
[EventDate "2016.08.03"]
[EventType "swiss"]
[EventRounds "9"]
[EventCountry "AND"]
[SourceTitle "CBM 173 Extra"]
[Source "ChessBase"]
[SourceDate "2016.08.29"]
[SourceVersion "1"]
[SourceVersionDate "2016.08.29"]
[SourceQuality "1"]

1. e4 d5 2. exd5 Qxd5 3. Nc3 Qd8 4. Bc4 Nf6 5. Nf3 e6 6. d4 Be7 7. 0-0 c6 8. Ne2 Nbd7 9. c3 Nf8 10. Ne5 Ng6 11. f4 Nd5 12. Ng3 f6 13. Nd3 f5 14. Re1 0-0 15. Nf1 Bd6 16. g3 Bd7 17. Bb3 Qf6 18. Be3 Be8 19. Nd2 Bf7 20. Nc4 Bc7 21. Bf2 b6 22. Qf3 Qd8 23. Rad1 b5 24. Nd2 Bd6 25. a3 Qc7 26. Rc1 Qb7 27. Ba2 Rab8 28. b4 Rfe8 29. c4 Nf6 30. Ne5 Bxe5 31. dxe5 Nd7 32. Nb3 Ne7 33. Na5 Qa8 34. Red1 Nb6 35. Bc5 bxc4 36. Bxc4 Ned5 37. Bd6 Rbc8 38. Ba6 Rc7 39. Bxc7 Nxc7 40. Bb7 Qb8 41. Nxc6 1-0

[Event "Andorra op 34th"]
[Site "Escaldes"]
[Date "2016.08.08"]
[Round "6"]
[White "Arjol Lopez, Daniel"]
[Black "Merenciano, Alexandre"]
[Result "1/2-1/2"]
[WhiteElo "1963"]
[BlackElo "2197"]
[PlyCount "76"]
[EventDate "2016.08.03"]
[EventType "swiss"]
[EventRounds "9"]
[EventCountry "AND"]
[SourceTitle "CBM 173 Extra"]
[Source "ChessBase"]
[SourceDate "2016.08.29"]
[SourceVersion "1"]
[SourceVersionDate "2016.08.29"]
[SourceQuality "1"]

1. e4 e6 2. d4 d5 3. Nd2 Nf6 4. e5 Nfd7 5. f4 c5 6. Ngf3 cxd4 7. Nb3 Nc6 8. Be2 Qb6 9. Nfxd4 Nc5 10. Be3 Nxb3 11. axb3 Bc5 12. c3 Nxd4 13. Bxd4 Bxd4 14. Qxd4 Qxb3 15. 0-0 0-0 16. Rfb1 Bd7 17. Ra3 Qb6 18. Qxb6 axb6 19. Rb3 f6 20. Rxb6 fxe5 21. Rxb7 Bc8 22. Re7 Rxf4 23. g3 Rf7 24. Re8+ Rf8 25. Re7 Rf6 26. Bh5 g6 27. Bg4 h5 28. Bh3 Kf8 29. Rc7 Rf7 30. Rxc8+ Rxc8 31. Bxe6 Rc5 32. Bxf7 Kxf7 33. Re1 Ke6 34. Kf2 Rb5 35. Re2 Rb8 36. Ke3 Kd6 37. Rf2 Kc5 38. Kd3 Kd6 1/2-1/2

[Event "Andorra op 34th"]
[Site "Escaldes"]
[Date "2016.08.07"]
[Round "5"]
[White "Merenciano, Alexandre"]
[Black "Prohaszka, Peter"]
[Result "0-1"]
[WhiteElo "2197"]
[BlackElo "2604"]
[PlyCount "84"]
[EventDate "2016.08.03"]
[EventType "swiss"]
[EventRounds "9"]
[EventCountry "AND"]
[SourceTitle "CBM 173 Extra"]
[Source "ChessBase"]
[SourceDate "2016.08.29"]
[SourceVersion "1"]
[SourceVersionDate "2016.08.29"]
[SourceQuality "1"]

1. e4 c6 2. d4 d5 3. e5 Bf5 4. Nf3 e6 5. Be2 Nd7 6. 0-0 Ne7 7. Nbd2 Nc8 8. Nb3 Be7 9. a4 0-0 10. a5 a6 11. Ne1 Na7 12. g4 Bg6 13. f4 f5 14. Ng2 fxg4 15. Bxg4 Bf5 16. Bxf5 exf5 17. Ne3 Qe8 18. Nd2 Nb5 19. Nf3 Rd8 20. Kh1 Qh5 21. Qd3 Kh8 22. b3 Nc7 23. Ng2 Ne6 24. c3 h6 25. b4 Rf7 26. Ng1 Rdf8 27. Rf3 Qg6 28. Rg3 Qh7 29. c4 Nc7 30. Nf3 Rd8 31. Ng5 Bxg5 32. fxg5 dxc4 33. Qxc4 Nxe5 34. Qb3 Rfd7 35. Bb2 Ng4 36. Kg1 hxg5 37. h3 Nf6 38. Rxg5 Ne4 39. Rg3 Nxg3 40. Qxg3 Nd5 41. Rf1 Rd6 42. Qg5 Rf8 0-1

[Event "Andorra op 34th"]
[Site "Escaldes"]
[Date "2016.08.04"]
[Round "2"]
[White "Vovk, Andrey"]
[Black "Merenciano, Alexandre"]
[Result "1-0"]
[WhiteElo "2637"]
[BlackElo "2197"]
[PlyCount "65"]
[EventDate "2016.08.03"]
[EventType "swiss"]
[EventRounds "9"]
[EventCountry "AND"]
[SourceTitle "CBM 173 Extra"]
[Source "ChessBase"]
[SourceDate "2016.08.29"]
[SourceVersion "1"]
[SourceVersionDate "2016.08.29"]
[SourceQuality "1"]

1. d4 Nf6 2. c4 c5 3. d5 b5 4. cxb5 a6 5. bxa6 g6 6. Nc3 Bxa6 7. e4 Bxf1 8. Kxf1 d6 9. Nf3 Bg7 10. g3 Nbd7 11. Kg2 0-0 12. a4 Qb6 13. Qc2 Rfb8 14. Nb5 Ne8 15. Bd2 Nc7 16. Nxc7 Qxc7 17. Rab1 Qa7 18. a5 Rb5 19. b3 Rab8 20. Qc4 R8b7 21. Rhc1 Nb8 22. Ne1 Nd7 23. f4 Qb8 24. Qa4 f5 25. exf5 gxf5 26. Nc2 Nf6 27. Ne3 Rxb3 28. Rxb3 Rxb3 29. Rc2 Nxd5 30. Nxf5 Rb1 31. Qe4 Qb7 32. Kh3 e5 33. Qxd5+ 1-0

[Event "Avoine op 31st"]
[Site "Avoine"]
[Date "2016.07.24"]
[Round "2"]
[White "Dumitrache, Dragos Nicolae"]
[Black "Merenciano, Alexandre"]
[Result "1-0"]
[WhiteElo "2416"]
[BlackElo "2189"]
[PlyCount "91"]
[EventDate "2016.07.23"]
[EventType "swiss"]
[EventRounds "9"]
[EventCountry "FRA"]
[SourceTitle "CBM 173 Extra"]
[Source "ChessBase"]
[SourceDate "2016.08.29"]
[SourceVersion "1"]
[SourceVersionDate "2016.08.29"]
[SourceQuality "1"]

1. d4 Nf6 2. c4 c5 3. d5 b5 4. cxb5 a6 5. bxa6 g6 6. Nc3 Bxa6 7. e4 Bxf1 8. Kxf1 d6 9. Nf3 Bg7 10. g3 0-0 11. Kg2 Nbd7 12. Re1 Ra6 13. a4 Qa8 14. Nb5 Qb7 15. h3 Ne8 16. Ra3 Nb6 17. Kg1 Nc7 18. Nxc7 Qxc7 19. Qc2 Qa7 20. b3 c4 21. Be3 Rc8 22. b4 Qa8 23. a5 c3 24. Bd4 Nd7 25. Bxg7 Kxg7 26. Rxc3 Rb8 27. Rc7 Nf6 28. Rxe7 Rxb4 29. Ng5 Rb7 30. Rxb7 Qxb7 31. Qc3 h6 32. Nf3 Qb5 33. Ra1 Qe2 34. Nd2 Ra8 35. h4 g5 36. h5 Qxh5 37. a6 Qe2 38. a7 Kg6 39. Qe3 Qb5 40. Kg2 Qb7 41. Nc4 Qc7 42. Qd3 Ng4 43. e5+ Kg7 44. Nxd6 Nxe5 45. Nf5+ Kf6 46. Ra6+ 1-0

[Event "Porticcio op 3rd"]
[Site "Grosseto Prugna"]
[Date "2016.06.26"]
[Round "2"]
[White "Areshchenko, Alexander"]
[Black "Merenciano, Alexandre"]
[Result "1-0"]
[WhiteElo "2654"]
[BlackElo "2189"]
[PlyCount "81"]
[EventDate "2016.06.25"]
[EventType "swiss"]
[EventRounds "9"]
[EventCountry "FRA"]
[SourceTitle "EXT 2017"]
[Source "ChessBase"]
[SourceDate "2016.10.25"]
[SourceVersion "1"]
[SourceVersionDate "2016.10.25"]
[SourceQuality "1"]

1. e4 e6 2. d4 d5 3. e5 c5 4. c3 Nc6 5. Nf3 Qb6 6. Be2 Bd7 7. 0-0 Rc8 8. a3 Nh6 9. b4 cxd4 10. cxd4 Nf5 11. Bb2 h5 12. Kh1 Be7 13. Nc3 Na5 14. Na4 Qc6 15. Nc5 Nc4 16. Bc1 b6 17. Nxd7 Qxd7 18. Bd3 g6 19. Bxf5 exf5 20. h4 a5 21. bxa5 bxa5 22. Re1 0-0 23. Ra2 Rb8 24. Bg5 Rb6 25. Bxe7 Qxe7 26. Ng5 Nxa3 27. Qf3 Qb4 28. Rea1 Nb5 29. Ra4 Qb2 30. Qe3 Rc6 31. e6 fxe6 32. Nf3 f4 33. Qd3 Rf6 34. R4a2 Rc1+ 35. Kh2 Qc3 36. Qxb5 Rxa1 37. Qe8+ Kg7 38. Ng5 Rxa2 39. Qe7+ Kg8 40. Qxf6 Qc7 41. Nxe6 1-0

[Event "Salon de Provence op 6th"]
[Site "Salon de Provence"]
[Date "2015.07.04"]
[Round "5"]
[White "Joubert, Leo"]
[Black "Merenciano, Alexandre"]
[Result "1/2-1/2"]
[WhiteElo "1843"]
[BlackElo "2188"]
[PlyCount "74"]
[EventDate "2015.07.04"]
[EventType "swiss"]
[EventRounds "9"]
[EventCountry "FRA"]
[SourceTitle "EXT 2016"]
[Source "ChessBase"]
[SourceDate "2015.10.08"]
[SourceVersion "1"]
[SourceVersionDate "2015.10.08"]
[SourceQuality "1"]

1. c4 Nf6 2. g3 c5 3. Bg2 d5 4. cxd5 Nxd5 5. Nc3 Nc7 6. Nf3 Nc6 7. 0-0 e5 8. d3 Be7 9. Be3 Ne6 10. Rc1 Bd7 11. Nd5 Rc8 12. Nxe7 Qxe7 13. a3 0-0 14. Bd2 f6 15. Bc3 b5 16. Ne1 b4 17. Bd2 Kh8 18. Nc2 a5 19. Ne3 Rb8 20. axb4 Nxb4 21. Nd5 Qd6 22. Ne3 Nd4 23. Nc4 Qc7 24. e3 Ndc6 25. Bxb4 Rxb4 26. f4 exf4 27. Rxf4 Ne5 28. Qd2 Rfb8 29. Nxe5 Qxe5 30. Rxb4 Rxb4 31. Ra1 Rxb2 32. Qxa5 Qxe3+ 33. Kh1 Rb8 34. Qc7 Qe5 35. Qxe5 fxe5 36. Be4 Bh3 37. Rg1 Rf8 1/2-1/2

[Event "Salon de Provence op 6th"]
[Site "Salon de Provence"]
[Date "2015.07.04"]
[Round "6"]
[White "Merenciano, Alexandre"]
[Black "Baroyan, Davit"]
[Result "1-0"]
[WhiteElo "2188"]
[BlackElo "1978"]
[PlyCount "75"]
[EventDate "2015.07.04"]
[EventType "swiss"]
[EventRounds "9"]
[EventCountry "FRA"]
[SourceTitle "EXT 2016"]
[Source "ChessBase"]
[SourceDate "2015.10.08"]
[SourceVersion "1"]
[SourceVersionDate "2015.10.08"]
[SourceQuality "1"]

1. e4 c5 2. Nf3 d6 3. Bb5+ Bd7 4. Bxd7+ Qxd7 5. 0-0 g6 6. e5 Bg7 7. Re1 d5 8. d4 cxd4 9. Nxd4 e6 10. f4 Ne7 11. Nd2 a6 12. N2b3 Nbc6 13. Be3 Nxd4 14. Bxd4 0-0 15. g4 f6 16. Nc5 Qc8 17. Nxe6 Qxe6 18. exf6 Rxf6 19. Rxe6 Rxe6 20. Bxg7 Kxg7 21. Qd4+ Kf7 22. Rf1 Re4 23. Qb6 Rc8 24. Rf2 Rcc4 25. Qxb7 Rb4 26. Qxa6 Rxb2 27. h3 Rbb4 28. Qd6 Ra4 29. Qc7 Re1+ 30. Kg2 Ra6 31. f5 Rf6 32. fxg6+ hxg6 33. a4 Rxf2+ 34. Kxf2 Ra1 35. Qb7 Ra2 36. Qb3 Ra1 37. h4 Rh1 38. Qf3+ 1-0

[Event "Salon de Provence op 6th"]
[Site "Salon de Provence"]
[Date "2015.07.04"]
[Round "9"]
[White "Petrossian, Armen"]
[Black "Merenciano, Alexandre"]
[Result "1/2-1/2"]
[WhiteElo "2419"]
[BlackElo "2188"]
[PlyCount "108"]
[EventDate "2015.07.04"]
[EventType "swiss"]
[EventRounds "9"]
[EventCountry "FRA"]
[SourceTitle "EXT 2016"]
[Source "ChessBase"]
[SourceDate "2015.10.08"]
[SourceVersion "1"]
[SourceVersionDate "2015.10.08"]
[SourceQuality "1"]

1. e4 e6 2. d4 d5 3. Nc3 dxe4 4. Nxe4 Bd7 5. Nf3 Bc6 6. Bd3 Nd7 7. 0-0 Ngf6 8. Qe2 Bxe4 9. Bxe4 c6 10. Bd3 Bd6 11. Ne5 Bxe5 12. dxe5 Nd5 13. a3 Nc5 14. Qg4 Qc7 15. Qxg7 0-0-0 16. Re1 Nxd3 17. cxd3 h5 18. Qg3 Ne7 19. Bg5 Rd4 20. Re4 Rhd8 21. Qh4 Rxe4 22. dxe4 Rd7 23. Bxe7 Rxe7 24. Qxh5 Rd7 25. Qh8+ Rd8 26. Qg7 b5 27. h4 Rd4 28. Re1 Qa5 29. Kf1 Qd2 30. Qxf7 Qd3+ 31. Kg1 Qd2 32. Re3 Qxb2 33. Qxe6+ Kc7 34. Rf3 Rxe4 35. Qe7+ Kb6 36. Rf7 Re1+ 37. Kh2 Qxe5+ 38. Qxe5 Rxe5 39. g4 a5 40. h5 b4 41. axb4 axb4 42. Rf8 Kc7 43. h6 Re7 44. g5 Rh7 45. Ra8 Kb7 46. Ra1 c5 47. Kg3 Kc6 48. Kg4 b3 49. Kh5 c4 50. g6 b2 51. Ra6+ Kb7 52. gxh7 b1Q 53. h8Q Qf5+ 54. Kh4 Qf4+ 1/2-1/2

[Event "Salon de Provence op 5th"]
[Site "Salon de Provence"]
[Date "2014.07.13"]
[Round "9"]
[White "Milchev, Nikolay"]
[Black "Merenciano, Alexandre"]
[Result "1-0"]
[WhiteElo "2424"]
[BlackElo "1984"]
[PlyCount "55"]
[EventDate "2014.07.05"]
[EventType "swiss"]
[EventRounds "9"]
[EventCountry "FRA"]
[SourceTitle "EXT 2015"]
[Source "ChessBase"]
[SourceDate "2014.11.20"]
[SourceVersion "1"]
[SourceVersionDate "2014.11.20"]
[SourceQuality "1"]

1. c4 Nf6 2. Nf3 c5 3. e3 Nc6 4. Be2 d5 5. cxd5 Nxd5 6. a3 e5 7. Qc2 Be7 8. 0-0 0-0 9. d3 Be6 10. Nbd2 Rc8 11. b3 f5 12. Bb2 Bf6 13. Rac1 b6 14. Qb1 f4 15. e4 Nde7 16. b4 Nd4 17. Bd1 g5 18. bxc5 bxc5 19. Bxd4 cxd4 20. Bb3 Qd7 21. Qa2 Bxb3 22. Qxb3+ Kh8 23. Rxc8 Qxc8 24. Nc4 Nc6 25. Qb5 Qe6 26. Qd5 Re8 27. Nd6 Qd7 28. Nf7+ 1-0

[Event "Provence-ch 1213"]
[Site "Provence"]
[Date "2013.07.12"]
[Round "9"]
[White "Merenciano, Alexandre"]
[Black "Chabeaudy, Matthieu"]
[Result "1-0"]
[WhiteElo "1877"]
[BlackElo "1716"]
[PlyCount "94"]
[EventDate "2013.07.06"]
[EventType "swiss"]
[EventRounds "9"]
[EventCountry "FRA"]
[SourceTitle "EXT 2015"]
[Source "ChessBase"]
[SourceDate "2014.11.20"]
[SourceVersion "1"]
[SourceVersionDate "2014.11.20"]
[SourceQuality "1"]

1. e4 d6 2. d4 Nf6 3. Nc3 g6 4. f3 Bg7 5. Be3 a6 6. Qd2 0-0 7. 0-0-0 b5 8. g4 Re8 9. h4 e6 10. h5 Bb7 11. Bd3 e5 12. hxg6 fxg6 13. dxe5 dxe5 14. Bc4+ bxc4 15. Qxd8 Rxd8 16. Rxd8+ Kf7 17. Nh3 Ke7 18. Rhd1 Nbd7 19. Rxa8 Bxa8 20. Nb1 Bc6 21. Ng1 Bb5 22. Ne2 Ne8 23. Nec3 Nd6 24. Nd5+ Kd8 25. Bg5+ Kc8 26. Rh1 Nf8 27. Be7 h6 28. Bf6 Bxf6 29. Nxf6 Ne6 30. Nd2 Nf4 31. Rxh6 Nf7 32. Rh7 Ng5 33. Re7 Nge6 34. Nd5 Kd8 35. Rh7 Ng5 36. Rh8+ Kd7 37. Nxf4 exf4 38. Rg8 c3 39. bxc3 Be2 40. Rxg6 Nxf3 41. Nxf3 Bxf3 42. Rf6 Bxg4 43. Rxf4 Be6 44. a3 Kd6 45. Kd2 c5 46. Ke3 Bc4 47. e5+ Kd5 1-0

[Event "Avignon-B 4th"]
[Site "Avignon"]
[Date "2012.11.08"]
[Round "6"]
[White "Canonge, Jerome"]
[Black "Merenciano, Alexandre"]
[Result "0-1"]
[WhiteElo "1806"]
[BlackElo "1819"]
[PlyCount "118"]
[EventDate "2012.11.04"]
[EventType "tourn"]
[EventRounds "7"]
[EventCountry "FRA"]
[SourceTitle "EXT 2014"]
[Source "ChessBase"]
[SourceDate "2013.11.20"]
[SourceVersion "1"]
[SourceVersionDate "2013.11.20"]
[SourceQuality "1"]

1. Nc3 d5 2. d4 Nf6 3. Bg5 e6 4. e4 dxe4 5. Bxf6 gxf6 6. Nxe4 f5 7. Ng3 c5 8. Nf3 Nc6 9. Qe2 Qa5+ 10. Qd2 Qxd2+ 11. Kxd2 Bh6+ 12. Ke1 Nxd4 13. Nxd4 cxd4 14. Bb5+ Ke7 15. Bd3 Rd8 16. Ke2 f4 17. Ne4 f5 18. Nd2 e5 19. f3 Rg8 20. Kf2 Kf6 21. Rhe1 Re8 22. Re2 Bf8 23. Bb5 Re6 24. Rae1 Bc5 25. Kf1 a6 26. Bc4 Re7 27. a3 b5 28. Bd5 Raa7 29. Nb3 Bb6 30. Nc1 Rad7 31. Ba2 Bc7 32. Nd3 Bd6 33. Nf2 Bb7 34. Bg8 Rd8 35. Ba2 Rde8 36. Bb3 h5 37. a4 Bc6 38. Ra1 e4 39. fxe4 fxe4 40. Rd1 Bc5 41. Nh3 Ke5 42. c3 dxc3 43. bxc3 e3 44. axb5 axb5 45. Ng5 Kf5 46. Nf7 f3 47. gxf3 Bxf3 48. Rd5+ Bxd5 49. Bxd5 Kf6 50. Nh6 Kg6 51. Ng8 Rf8+ 52. Ke1 Ra7 53. Rg2+ Kh7 54. Rg5 Ra1+ 55. Ke2 Rf2+ 56. Kd3 Rd1+ 57. Ke4 e2 58. Rxh5+ Kg6 59. Rh6+ Kg7 0-1

[Event "Avignon-B 4th"]
[Site "Avignon"]
[Date "2012.11.05"]
[Round "2"]
[White "Busson, Benoist"]
[Black "Merenciano, Alexandre"]
[Result "1/2-1/2"]
[WhiteElo "1943"]
[BlackElo "1819"]
[PlyCount "63"]
[EventDate "2012.11.04"]
[EventType "tourn"]
[EventRounds "7"]
[EventCountry "FRA"]
[SourceTitle "EXT 2014"]
[Source "ChessBase"]
[SourceDate "2013.11.20"]
[SourceVersion "1"]
[SourceVersionDate "2013.11.20"]
[SourceQuality "1"]

1. e4 e6 2. b3 d5 3. Bb2 Nf6 4. e5 Nfd7 5. f4 a6 6. Qg4 c5 7. Nf3 b5 8. a4 b4 9. d4 Nc6 10. Nbd2 Nxd4 11. Nxd4 cxd4 12. Bxd4 g6 13. h4 h5 14. Qh3 Bb7 15. Nf3 Rc8 16. Ng5 Rh6 17. Bd3 Rc6 18. 0-0 Bc5 19. Qe3 Qb6 20. Nf3 Rh8 21. Rac1 Bxd4 22. Nxd4 Rc3 23. Qf2 Ke7 24. Ne2 Qxf2+ 25. Kxf2 Rc7 26. Ke3 Rhc8 27. g3 Nc5 28. Kd2 Rd7 29. Rg1 a5 30. Nd4 Ne4+ 31. Ke3 Nc5 32. Bb5 1/2-1/2